Tickle Me PINK Quiz Stats

 Plays Quiz Updated Mar 24, 2015

Challenge
Share
Tweet
Embed
Score 0/30 Timer 07:00
1 Play Today
Letter Hints Shade/Qualifer % Correct
c h _ r r _     b l _ s s _ mcherry blossom
96.3%
f l _ _ _ n g oflamingo
94.2%
b _ b b _ _     g _ _bubble gum
94.1%
c _ t t _ _     c _ n d _cotton candy
93.5%
m _ g _ n t _magenta
93.2%
r _ s _rose/rosy
93%
l a v _ _ _ _ _lavender
89.1%
b _ _ g h tbright
86.8%
M e x _ _ _ _Mexican
86.5%
m _ l _ nmelon
86.4%
h o _hot
86.4%
m _ _ v _mauve
84.6%
c a r n _ _ _ _ _carnation
82.5%
f u c h _ _ _fuchsia
81.7%
F r e _ _ _     r _ s _French rose
80.9%
Letter Hints Shade/Qualifer % Correct
b _ b _baby
80.2%
c _ r _ lcoral
80.1%
r _ b _ruby
75.7%
f _ n _ _ n g ofandango
72%
b l u _ _blush
67.6%
f l e _ _flesh
64.7%
P e r _ _ _ _     r _ s _Persian rose
54.1%
s a _ _ o nsalmon
51.5%
a m _ r _ n t hamaranth
46.4%
u l _ _ aultra
46.4%
s h _ c k _ _ _shocking
44.8%
p _ c _puce
43.9%
c a r m _ _ _carmine
38.1%
c _ r _ s _cerise
34.1%
s h e r _ _ _sherbet
33.3%

You're not logged in!

Compare scores with friends on all Sporcle quizzes.
Join for Free
OR
Log In

You Might Also Like...

Show Comments

Extras

Top Quizzes Today


Score Distribution

Your Account Isn't Verified!

In order to create a playlist on Sporcle, you need to verify the email address you used during registration. Go to your Sporcle Settings to finish the process.

Report this User

Report this user for behavior that violates our Community Guidelines.

Details: